000 01481cam a2200265 4500500
005 20251228065529.0
041 _afre
042 _adc
100 1 0 _aBrizard, Yonnel
_eauthor
700 1 0 _aRoumegoux, Françoise
_eauthor
700 1 0 _aSenechal, Michel
_eauthor
245 0 0 _aLe scénodrame, un enveloppement groupal de l’individuel
260 _c2018.
500 _a79
520 _aLe scénodrame est un soin psychothérapeutique de groupe qui consiste en l’élaboration de scenarii et leur mise en figuration à l’aide d’objets symboliques, d’objets limites et d’objets indifférenciés, également répartis entre enfants et thérapeute, autour d’une petite table. Ce dispositif aide à la métaphorisation grâce à ses effets contenants et à la diversité des objets confiés à chacun des enfants pour qu’ils réalisent des mises en scène de scenarii personnels et leur mise en jeu groupale.Le texte présente des séquences vécues par des enfants âgés de 5 à 9 ans présentant des troubles de la symbolisation et du langage.
690 _amétaphore
690 _aObjet contenant
690 _ascénario
690 _ascénification
690 _ascénodrame
690 _ascénogramme
690 _asymbolisation
786 0 _nVST - Vie sociale et traitements | 140 | 4 | 2018-10-25 | p. 65-72 | 0396-8669
856 4 1 _uhttps://shs.cairn.info/revue-vie-sociale-et-traitements-2018-4-page-65?lang=fr&redirect-ssocas=7080
999 _c1591716
_d1591716